| 000 | 01849cam a2200373 a 4500 | ||
|---|---|---|---|
| 999 |
_c64091 _d64091 |
||
| 001 | 29846234 | ||
| 003 | OCoLC | ||
| 005 | 20180622072749.0 | ||
| 008 | 940131s1994 cau b 001 0 eng | ||
| 010 | _a94005507 | ||
| 020 | _a0520087739 (hard) | ||
| 040 |
_aDLC _cCO-MdFUSB _dUKM _dCWS _dUtOrBLW _bspa _erda |
||
| 041 | _aspa | ||
| 082 |
_223 _a171.7 _bF219t |
||
| 100 | 1 |
_aFarber, Paul Lawrence, _d1944- _eautor |
|
| 245 | 1 | 4 |
_aThe temptations of evolutionary ethics _c/ Paul Lawrence Farber. |
| 264 | 1 |
_aBerkeley : _bUniversity of California Press, _c[1994] |
|
| 264 | 4 | _c©1994. | |
| 300 |
_axii, 210 páginas : _c22 cm. |
||
| 336 |
_atexto _btxt _2rdacontent. |
||
| 337 |
_asin mediación _bn _2rdamedia. |
||
| 338 |
_avolumen _bnc _2rdacarrier. |
||
| 504 | _aIncludes bibliographical references (p. 177-206) and index. | ||
| 505 | 1 | _aCharles Darwin -- Darwinian ethics -- Evolutionary ethics: Herbert Spencer -- Darwinian critics: Thomas Henry Huxley and Alfred Russel Wallace -- Early reception and evaluation of evolutionary ethics: 1870-1890s -- Syntheses, modern and otherwise: 1918-1969 -- Evolutionary ethics since 1975: Dodo, Phoenix, or Firebird -- Recapitulation, lessions, and queries. | |
| 505 | 0 | _aCharles Darwin -- Ética Darwiniana-- Ética evolucionista: Herbert Spencer -- Crítica Darwiniana: Thomas Henry Huxley and Alfred Russel Wallace -- Recepción tempranas y evaluación de la ética evolutiva: 1870-1890s --Síntesis, modernas y contrarias: 1918-1969 -- Evolución ética de la ciencia 1975: Dodo, Phoenix, or Firebird -- Recapitulación, lecciones, y preguntas. | |
| 563 | _arústico | ||
| 650 | 0 |
_aEthics, Evolutionary _xHistory. |
|
| 653 | _aÉtica evolutiva -- Historia | ||
| 653 | _aEvolucionismo | ||
| 653 | _aCharles Darwin | ||
| 942 | _cBK | ||